Open Data Biblioteca Nacional de Portugal


República Portuguesa: Ministério da Cultura
Biblioteca Nacional de Portugal

Catálogo da BNP: acesso por Identificadores Unívocos
Registos Bibliográficos associados ao registo de autoridade

Etiqueta de registo: 00515cam 2200181 450
001 645667
003 http://id.bnportugal.gov.pt/bib/catbnp/645667
100 ## $a19970214d1945 m y0pory01030103ba
101 0# $apor
102 ## $aPT
105 ## $ay z 000yy
106 ## $ar
200 1# $a A educação do povo$fA. A. Ferreira de Macedo
210 #9 $aLisboa$cSeara Nova,$d1945
215 ## $a31, [1] p.$d20 cm
316 ## $aEx. acom dedicatória$5PTBN: S.C. 21429 P.
317 ## $aBiblioteca Matilde Rosa Araújo$5PTBN: S.C. 46232 P.
675 ## $a37.03"194"(042)$vBN$zpor$31521143
700 #1 $aMacedo,$bAntónio Augusto Ferreira de,$f1887-1959$360049
801 #0 $aPT$bBN$gRPC
966 ## $lBN$mFGMON$sS.C. 21429 P.
966 ## $lBN$mFGMON$sS.C. 41687 P.$x3
966 ## $lBN$mFGMON$pBiblioteca Matilde Rosa Araújo$sS.C. 46232 P.$x3

Etiqueta de registo: 00583cam 022001931 04500
001 845395
003 http://id.bnportugal.gov.pt/bib/catbnp/845395
005 19990126000000.0
095 ## $aPTBN00499573
100 ## $a19931008d1936 km y0pory0103 ba
101 0# $apor
102 ## $aPT
200 1# $aParadoxos matemáticos$fAntónio Augusto Ferreira de Macedo
210 #9 $a[S.l.$cs.n.],$d1936$eLisboa :$gOf. de Jorge Henriques Fernandes)
215 ## $a10 p.$cil.$d28 cm
305 ## $aSep. "Técnica", 76
700 #1 $aMacedo,$bAntónio Augusto Ferreira de,$f1887-1959$360049
801 #0 $aPT$bBN$gRPC
966 ## $lBN$mFGMON$sS.A. 5131//27 A.
998 ## $aCR624-250

Etiqueta de registo: 00629cam 22002051 450
001 747181
003 http://id.bnportugal.gov.pt/bib/catbnp/747181
005 19990108000000.0
095 ## $aPTBN00534463
100 ## $a19940112g19479999km y0pory01030103ba
101 0# $apor
102 ## $aPT
200 1# $a A geometria ao alcance de toda a gente$fA. A. Ferreira de Macedo
210 #9 $aLisboa$cCosmos,$d1947
215 ## $a2 v.$d20 cm
225 2# $aBiblioteca Cosmos$v132, 133$h1$v58, 59.$iCiências técnicas
700 #1 $aMacedo,$bAntónio Augusto Ferreira de,$f1887-1959$360049
801 #0 $aPT$bBN$gRPC
966 ## $lBN$mFGMON$sC.G. 6357 P.
998 ## $aCR621-419

Etiqueta de registo: 00657cbc 2200181 i 450
001 576530
003 http://id.bnportugal.gov.pt/bib/catbnp/576530
005 20000721184900.0
095 ## $aPTBN00785653
100 ## $a19951211g19011958k y0pory0103 ba
101 0# $apor
102 ## $aPT
200 1# $aEspólio de Ferreira de Macedo
210 #1 $d1901-1958
215 ## $a28 cx. (662 doc.)$d35x30x10 cm
300 ## $aConjunto constituído por: manuscritos do autor (textos de cursos e conferências, compêndios e textos teóricos e práticos de Matemática e Físico-Química); cartas recebidas, enviadas e de terceiros
700 #1 $aMacedo,$bAntónio Augusto Ferreira de,$f1887-1959$360049
801 #0 $aPT$bBN
966 ## $lBN$mRESESP$sEsp. E17$x3

Etiqueta de registo: 00765cam 2200217 450
001 129920
003 http://id.bnportugal.gov.pt/bib/catbnp/129920
005 19981121175800.0
095 ## $aPTBN00135547
100 ## $a19560601d1955 demy0pora0103 ba
101 0# $apor
102 ## $aPT
200 1# $aCompêndio de álgebra$e3º ciclo liceal$e1ª parte$fAntónio Augusto Ferreira de Macedo, António Nicodemos de Sousa Pereira, A. Tenório de Figueiredo
210 #9 $aLisboa$cStudium,$d1955
215 ## $a252, [1] p.$d21 cm
675 ## $a51$vmed$zpor$3288051
700 #1 $aMacedo,$bAntónio Augusto Ferreira de,$f1887-1959$360049
701 #1 $aPereira,$bNicodemos,$f1892-1956$4070$3717250
701 #1 $aFigueiredo,$bA. Tenório de$4070$337532
801 #0 $aPT$bBN$gRPC
966 ## $lBN$mFGMON$sS.A. 27139 P.
966 ## $lBN$mFGMON$sS.A. 27140 P.$x0

Etiqueta de registo: 00701cam 2200205 450
001 129921
003 http://id.bnportugal.gov.pt/bib/catbnp/129921
005 19981121175800.0
095 ## $aPTBN00135548
100 ## $a19560601d1956 km y0pora0103 ba
101 0# $apor
102 ## $aPT
200 1# $aElementos de trigonometria plana$fAntónio Augusto Ferreira de Macedo, António Nicodemos de Sousa Pereira, A. Tenório de Figueiredo
210 #9 $aLisboa$cStudium Editora,$d1956
215 ## $a275 p.$cil.$d21 cm
675 ## $a51$vmed$zpor$3288051
700 #1 $aMacedo,$bAntónio Augusto Ferreira de,$f1887-1959$360049
701 #1 $aPereira,$bNicodemos,$f1892-1956$4070$3717250
701 #1 $aFigueiredo,$bA. Tenório de$4070$337532
801 #0 $aPT$bBN$gRPC
966 ## $lBN$mFGMON$sS.A. 27132 P.

Etiqueta de registo: 00757c 02200217 04500
001 47485
003 http://id.bnportugal.gov.pt/bib/catbnp/47485
005 19981113175800.0
095 ## $aPTBN00048707
100 ## $a19561001d1956 de y0pora0103 ba
101 0# $apor
102 ## $aPT
200 1# $aCompêndio de geometria analítica plana$e3º ciclo liceal$fAntónio Augusto Ferreira de Macedo, António Nicodemo de Sousa, Alfredo Tenório de Figueiredo
210 #9 $aLisboa$cPortugália,$d[D.L. 1956]
215 ## $a184, [3] p.$cil.$d21 cm
675 ## $a51$vmed$zpor$3288051
700 #1 $aMacedo,$bAntónio Augusto Ferreira de,$f1887-1959$360049
701 #1 $aSousa,$bAntónio Nicodemo de$4070$3115721
701 #1 $aFigueiredo,$bA. Tenório de$4070$337532
801 #0 $aPT$bBN$gRPC
966 ## $lBN$mFGMON$sS.A. 27196 P.
998 ## $aCR189 - 00076

Etiqueta de registo: 00688cac 22001811i 450
001 1204669
003 http://id.bnportugal.gov.pt/bib/catbnp/1204669
100 ## $a20020102d1932 m y0pory0103 ba
101 0# $apor
102 ## $aPT
200 1# $a Os programas e o ensino da matemática nos liceus$fAntónio Ferreira de Macedo
210 #9 $a[S.l.$cs.n.],$d1932$eLisboa:$gTip. da "União Gráfica")
215 ## $a31 p.$d22 cm
305 ## $aSep. do Boletim do Liceu Normal de Lisboa, 3
482 #1 $10011204662$aMadeira, -José António, -1896-1976$c[S.l..s.n.],$d1932$tDeterminação da inclinação do eixo de rotação do círculo meridiano -astronomia prática$5PTBN: S.A. 10850//1 V.
700 #1 $aMacedo,$bAntónio Augusto Ferreira de,$f1887-1959$360049
801 #0 $aPT$bBN
801 #1 $aFR$bJOUVE

Etiqueta de registo: 00254nbm 2200025 450
001 2286675
003 http://id.bnportugal.gov.pt/bib/catbnp/2286675
100 ## $a20260521d k y0pory01030103ba
101 0# $apor
102 ## $aPT
105 ## $ay z 000yy
106 ## $ah
200 1# $a [ Ordens de Serviço e Avisos de Raúl Proença, Jaime Cortesão, e Fidelino de Figueiredo, relativas às responsabilidades dos Serviços Técnicos, convocação de reuniões, medidas para impedir roubos, tolerâncias de ponto, horário de trabalho, suspensão de funcionários, vencimentos, recompensas, reprensões por comportamento inadequado, justificação de faltas, trabalho extraordinário, escalas de serviço, substituição na ausência de funcionários, aquisição de obras, elaboração de catálogos, regras de catalogação, arrumação de livros,procedimentos a adoptar pelos funcionários em cumprimento dos regulamentos da Biblioteca e legislação, nomeadamente, normas de disciplina e sigilo, o uso particular de livros pelo funcionários, colocação de tábua indicadora quando se retira os livros da estante, preenchimento de senhas de leitura, presença de pessoas estranhas em determinados espaços, vigilância da sala diurna e nocturna]
210 #1 $aLisboa,$d24 de Novembro de 1919- 22 de Dezembro de 1928
215 ## $a303 doc. (321 f.)$d30 cm
300 ## $aOriginais assinados por Raúl Proença, Jaime Cortesão, Fidelino de Figueiredo, António Augusto Ferreira de Macedo, Pedro de Azevedo e Joaquim Gualdino Gomes
321 1# $aInventário do Arquivo Histórico da Biblioteca Nacional: 1796-1950. Lisboa: BN, 1996. P. 56-57
700 #1 $aCortesão,$bJaime,$f1884-1960$319278
701 #1 $aMacedo,$bAntónio Augusto Ferreira de,$f1887-1959$4070$360049
701 #1 $aProença,$bRaúl,$f1884-1941$4070$319283
701 #1 $aFigueiredo,$bFidelino de,$f1888-1967$4070$337830
701 #1 $aAzevedo,$bPedro de,$f1869-1928$4070$312289
701 #1 $aGomes,$bJoaquim Gualdino,$f1858-1948$4070$31760933
801 #0 $aPT$bBN$gRPC
966 ## $lBN$mRESARQ$sAHBN/CR/08/Cx. 02-Mc. 04-01-303
971 ## $cmrosario$d20260522

OpendataBNP@bnportugal.pt | Mais informação sobre acesso aos dados BNP